000 00269nam a2200109Ia 4500
008 220204s9999 xx 000 0 und d
082 _a930.9
_bTOY.1
100 _aToynebbe, Arnold J
245 2 _aA study of history. V 1.
260 _aNew York
_bDell
_c1946
942 _cBK
999 _c28657
_d28657